| 000 | 00615nam a2200205Ia 4500 | ||
|---|---|---|---|
| 008 | 140626s9999 xx 000 0 und d | ||
| 100 | _aHe, Xinning. | ||
| 245 |
_aResource-based and institutional perspectives on export channel selection and export performance / _cXinning He ... [et al.]. |
||
| 260 | _cc2013. | ||
| 300 | _a39 : 1, page 27 | ||
| 440 | _aJournal of Management | ||
| 521 | _aBSBA | ||
| 650 | _aChina. | ||
| 650 | _aExport channel. | ||
| 650 | _aExport performance. | ||
| 650 | _aInstitutional theory. | ||
| 650 | _aMarket orientation. | ||
| 650 | _aResource-based view. | ||
| 942 | _cSE | ||
| 999 |
_c121003 _d121003 |
||